000 00346 a2200121 4500
001 ART_12775
005 20260410161733.0
008 260409a
245 1 0 _aInflación e incertidumbre
100 1 _aExpósito, David
700 1 _aSzewach, Enrique
773 0 _tEjecutivos de finanzas
_g- Año 6, Nº 46 (jun. 1988)
_wREV2863
999 _c18025
_d18025